000 00621nam a22002177a 4500
003 UA-OsUOA
001 70019
007 ta
008 20100714b un ||||| |||| 00| 0 ukr d
100 _aПахльовська О.
090 _a94(477)
_bП21
942 _cSA
040 _aUA-OsUOA
_bukr
_cUA-OsUOA
_dUA-OsUOA
245 _aЧудо звитяги. Петлюра, Пілсудський і привиди "Білої гвардії"
300 _aС.14
955 _a0
041 _aukr
080 _a94(477)
773 0 _w70014
650 7 _a9 Географія. Біографії. Історія
_2UDC
999 _c356174
_d356174